Funding London's transport needs (Record no. 102643)

MARC details
000 -LEADER
fixed length control field 01041cam a2200241 4500
008 - FIXED-LENGTH DATA ELEMENTS--GENERAL INFORMATION
fixed length control field 030207n2003 000 0 eng u
020 ## - INTERNATIONAL STANDARD BOOK NUMBER
International Standard Book Number 1842191403
035 ## - SYSTEM CONTROL NUMBER
System control number (Sirsi) u121290
041 ## - LANGUAGE CODE
Language code of text/sound track or separate title eng
050 ## - LIBRARY OF CONGRESS CALL NUMBER
Classification number 711.7
-- 18
100 ## - MAIN ENTRY--PERSONAL NAME
Personal name Whelan, Jim
245 ## - TITLE STATEMENT
Title Funding London's transport needs
260 ## - PUBLICATION, DISTRIBUTION, ETC.
Place of publication, distribution, etc. London
Name of publisher, distributor, etc. RICS
Date of publication, distribution, etc. 2003
300 ## - PHYSICAL DESCRIPTION
Extent 131p.
Other physical details ill
Dimensions 30cm.
520 ## - SUMMARY, ETC.
Summary, etc. A new report which provides a comprehensive, practical toolkit for those involved in planning and running London's transport infrastructure. The report, produced by Jim Whelan of GVA Grimley, reviews 64 transport schemes on the agenda, identifies the funding gaps and suggests 17 innovative funding methods to close the gaps. Tables.
650 ## - SUBJECT ADDED ENTRY--TOPICAL TERM
Topical term or geographic name entry element TRANSPORT INVESTMENT
650 ## - SUBJECT ADDED ENTRY--TOPICAL TERM
Topical term or geographic name entry element TRANSPORT NETWORKS
650 ## - SUBJECT ADDED ENTRY--TOPICAL TERM
Topical term or geographic name entry element TRANSPORT INFRASTRUCTURE
690 ## - LOCAL SUBJECT ADDED ENTRY--TOPICAL TERM (OCLC, RLIN)
Topical term or geographic name as entry element TRANSPORT AND COMMUNICATIONS
710 ## - ADDED ENTRY--CORPORATE NAME
Corporate name or jurisdiction name as entry element Royal Institution of Chartered Surveyors
Subordinate unit London Region
9 (RLIN) 4175
710 ## - ADDED ENTRY--CORPORATE NAME
Corporate name or jurisdiction name as entry element Royal Institution of Chartered Surveyors
Subordinate unit Policy Unit
9 (RLIN) 4169
942 ## - ADDED ENTRY ELEMENTS (KOHA)
Suppress in OPAC 0
Holdings
Withdrawn status Lost status Source of classification or shelving scheme Damaged status Not for loan Home library Current library Shelving location Date acquired Total Checkouts Full call number Barcode Date last seen Date last checked out Copy number Price effective from Koha item type
    Dewey Decimal Classification     London London Books 30/05/2003 1 711.7 ROY 30067250 06/08/2019 21/01/2009 3 06/08/2019 Book
    Dewey Decimal Classification     London London Books 30/05/2003 5 711.7 ROY 30067251 06/08/2019 12/03/2008 4 06/08/2019 Book